Top 20 polskiego youtube- dla Ignacego :-) - Statystyki

Ogólne statystyki
  • Ten quiz został rozwiązany 293 razy
  • Średni wynik to 8 z 20
Statystyki odpowiedzi
TOP Liczba Subów YOTUBERZY % Poprawnych
1) 4 250 000 Blowek
99%
8) 3 020 000 Friz
88%
2. 4 150 000 Stuu
88%
3) 3 810 000 reZigiusz
79%
5) 3 640 000 SA Wardęga
65%
6) 3 450 000 AbstrachujeTV
59%
9) 2 820 000 Naruciak
50%
14) 2 140 000 Kamerzysta
38%
13) 2 250 000 IsAmU
34%
7) 3 080 000 Step records
32%
10) 2 710 000 DISCO MAREK
28%
4) 3 780 000 Bazylland
27%
11) 2 590 000 Planeta Faktów
27%
12) 2 250 000 5 Sposobów na...
26%
16) 2 060 000 izak LIVE
23%
15) 2 080 000 Karolek
19%
17) 1 960 000 MULTI
13%
20) 1 860 000 ProstoTV
13%
19) 1 920 000 Vito Minecraft
11%
18) 1 930 000 Pola Show
1%
Nie znaleziono quizów pasujących do podanych kryteriów
Rozkład punktacji
Procent ludzi z każdym wynikiem
Percentyl według liczby udzielonych odpowiedzi
Twoja historia wyników
Nie rozwiązałeś tego quizu